[Event "CZE-ch Betsys Online Blitz"]
[Site "Chess.com INT"]
[Date "2021.04.17"]
[Round "2"]
[White "Bara, Jan"]
[Black "Skalicky, Jindrich"]
[Result "1-0"]
[WhiteElo "1298"]
[BlackElo "1158"]
[PlyCount "61"]
[EventDate "2021.04.17"]
[EventType "swiss (blitz)"]
[EventRounds "13"]
[EventCountry "CZE"]
[SourceTitle "CBM 201 Extra"]
[Source "ChessBase"]
[SourceDate "2021.05.31"]
[SourceVersion "1"]
[SourceVersionDate "2021.05.31"]
[SourceQuality "1"]

1. d4 d5 2. c4 dxc4 3. e4 e5 4. Nf3 exd4 5. Qxd4 Qxd4 6. Nxd4 Nf6 7. Nc3 Nc6 8. Nxc6 bxc6 9. Bxc4 Be7 10. Bf4 Bd8 11. 0-0-0 0-0 12. h3 Be6 13. Bxe6 fxe6 14. g4 Rf7 15. Na4 Rd7 16. Nc5 Rxd1+ 17. Rxd1 Kf7 18. Nd7 Nxd7 19. Rxd7+ Kf8 20. Bxc7 Bxc7 21. Rxc7 Rd8 22. Rxc6 Rd4 23. Rxe6 Kf7 24. Re5 Ra4 25. a3 Ra6 26. Rc5 Rf6 27. Rf5 Rxf5 28. exf5 Kf6 29. f4 g6 30. fxg6 hxg6 31. Kd2 1-0

[Event "Klatovy op-B 23rd"]
[Site "Klatovy"]
[Date "2017.07.08"]
[Round "8"]
[White "Palla, Marek"]
[Black "Skalicky, Jindrich"]
[Result "1/2-1/2"]
[WhiteElo "1184"]
[BlackElo "1274"]
[PlyCount "46"]
[EventDate "2017.07.01"]
[EventType "swiss"]
[EventRounds "9"]
[EventCountry "CZE"]
[SourceTitle "EXT 2018"]
[Source "ChessBase"]
[SourceDate "2017.10.13"]
[SourceVersion "1"]
[SourceVersionDate "2017.10.13"]
[SourceQuality "1"]

1. e4 c5 2. Nf3 d6 3. d4 cxd4 4. Nxd4 Nf6 5. Nc3 a6 6. Bc4 e6 7. Bg5 b5 8. Bb3 Be7 9. a3 Bb7 10. Qd3 Nc6 11. 0-0 Nxd4 12. Qxd4 Qc7 13. f4 Qc5 14. Qxc5 dxc5 15. e5 Ne4 16. Nxe4 Bxe4 17. Bxe7 Kxe7 18. Rad1 Rhd8 19. Rxd8 Rxd8 20. c4 Rd2 21. Rf2 Rxf2 22. Kxf2 f5 23. h3 h6 1/2-1/2